000 00673nam a22002177a 4500
003 UA-OsUOA
001 130145
007 ta
008 20180411b un ||||| |||| 00| 0 ukr d
100 _aМаркотенко Т.
090 _a81
_bМ26
942 _cSA
040 _aUA-OsUOA
_bukr
_cUA-OsUOA
_dUA-OsUOA
245 _aЛінгвокультурний компонент навчання української мови в сучасному виші
300 _aС.21-25
955 _a0
041 _aukr
080 _a81
773 0 _w130144
650 7 _a8 Мовознавство. Художня література. Літературознавство
_2UDC
999 _c418132
_d418132